Cơ sở lý thuyết và công nghệ xử lý nước tự nhiên : Giáo trình dùng cho sinh viên ngành Hoá học, Công nghệ hoá học, Môi trường, kỹ thuật môi trường.. các trường đại học và cao đẳng

Wedi'i Gadw mewn:
Manylion Llyfryddiaeth
Prif Awdur: Nguyễn Hữu Phú
Fformat: Llyfr
Iaith:Vietnamese
Cyhoeddwyd: Khoa học và kỹ thuật 2001
Tagiau: Ychwanegu Tag
Dim Tagiau, Byddwch y cyntaf i dagio'r cofnod hwn!
Thư viện lưu trữ: Mạng thư viện Đại học Đà Nẵng
LEADER 00845nam a2200253 4500
001 000022751
003 19200
005 20150514150554.0
008 150514s2001 viesd
020 |c 17000 
041 0 |a vie 
082 1 4 |a 628,16  |b NG-P 
100 1 |a Nguyễn Hữu Phú 
245 1 0 |a Cơ sở lý thuyết và công nghệ xử lý nước tự nhiên : Giáo trình dùng cho sinh viên ngành Hoá học, Công nghệ hoá học, Môi trường, kỹ thuật môi trường.. các trường đại học và cao đẳng  |c Nguyễn Hữu Phú 
260 |b Khoa học và kỹ thuật  |c 2001 
300 |a tr.  |c cm. 
OWN |a LSP 
999 |a From the UDN01 
TYP |a Monograph 
TYP |a Printed language 
980 |a Mạng thư viện Đại học Đà Nẵng